England Test Cricketers Since 1975 - Statistics

General Stats
  • This quiz has been taken 296 times
  • The average score is 68 of 249
Answer Stats
Cap No620 Years Name % Correct
474 1977-1992 Ian Botham
82%
638 2007- Stuart Broad
77%
613 2003- James Anderson
75%
655 2012- Joe Root
74%
591 1998-2009 Andrew Flintoff
72%
624 2004-2012 Andrew Strauss
69%
479 1978-1992 David Gower
69%
658 2013- Ben Stokes
68%
461 1975-1995 Graham Gooch
67%
626 2005-2014 Kevin Pietersen
67%
538 1989-2001 Michael Atherton
67%
625 2004-2015 Ian Bell
64%
542 1990-2004 Nasser Hussain
64%
448 1971-1984 Bob Willis
63%
543 1990-2003 Alec Stewart
62%
600 1999-2008 Michael Vaughan
61%
477 1978-1995 Mike Gatting
58%
568 1994-2003 Darren Gough
57%
564 1993-2005 Graham Thorpe
57%
610 2002-2005 Simon Jones
57%
611 2002-2009 Steve Harmison
57%
603 2000-2006 Marcus Trescothick
56%
662 2014- Moeen Ali
56%
494 1982-1993 Alan Lamb
54%
641 2008-2013 Graeme Swann
53%
602 2000-2008 Matthew Hoggard
53%
622 2003-2011 Paul Collingwood
53%
652 2012- Jonny Bairstow
52%
665 2014- Jos Buttler
51%
549 1991-2002 Mark Ramprakash
50%
630 2006- Alastair Cook
49%
506 1984-1989 Chris Broad
49%
631 2006-2013 Monty Panesar
49%
668 2015- Adil Rashid
48%
645 2009-2015 Jonathan Trott
48%
548 1991-2001 Graeme Hick
47%
584 1997-2004 Mark Butcher
47%
547 1990-2001 Phil Tufnell
47%
590 1998-2006 Ashley Giles
46%
657 2013- Chris Woakes
46%
539 1989-1997 Devon Malcolm
46%
536 1988-1998 Jack Russell
46%
437 1967-1981 Alan Knott
45%
559 1993-2003 Andrew Caddick
45%
623 2004-2006 Geraint Jones
43%
649 2010-2012 Eoin Morgan
42%
635 2007-2014 Matt Prior
41%
530 1988-1996 Robin Smith
41%
460 1974-1975 David Lloyd
40%
465 1976-1981 Mike Brearley
40%
612 2002-2005 Robert Key
40%
480 1978-1995 John Emburey
39%
667 2015- Mark Wood
39%
521 1986-1991 Gladstone Small
38%
669 2015- Alex Hales
37%
544 1990-1996 Chris Lewis
37%
604 2001-2010 Ryan Sidebottom
37%
452 1972-1977 Tony Greig
37%
455 1972-1981 Chris Old
36%
572 1995-2002 Dominic Cork
36%
483 1979-1989 Graham Dilley
36%
637 2007-2012 Ravi Bopara
36%
686 2018- Sam Curran
36%
587 1997-1998 Adam Hollioake
34%
666 2015 Adam Lyth
34%
588 1997-1998 Ben Hollioake
34%
684 2018- Jack Leach
34%
646 2010-2014 Michael Carberry
34%
682 2017- Tom Curran
34%
537 1989-1998 Angus Fraser
33%
653 2012-2016 James Taylor
33%
574 1995-2001 Nick Knight
33%
449 1971-1984 Bob Taylor
32%
472 1977-1984 Derek Randall
32%
644 2009-2012 Graham Onions
32%
675 2016- Keaton Jennings
32%
551 1991-1995 Richard Illingworth
32%
643 2009-2013 Tim Bresnan
32%
636 2007-2013 Chris Tremlett
30%
433 1966-1982 Derek Underwood
30%
569 1994-2003 John Crawley
30%
525 1987-1993 Neil Fairbrother
30%
468 1976-1986 Peter Willey
30%
663 2014-2015 Chris Jordan
29%
595 1999-2007 Chris Read
29%
681 2017- Craig Overton
29%
481 1979-1981 David Bairstow
29%
659 2014- Gary Ballance
29%
605 2001 Ian Ward
29%
670 2016- James Vince
29%
628 2005-2014 Liam Plunkett
29%
582 1996-2001 Robert Croft
29%
664 2014 Sam Robson
29%
647 2010- Steve Finn
29%
583 1996-2002 Chris Silverwood
28%
486 1980-1989 Chris Tavare
28%
677 2017- Dawid Malan
28%
495 1982-1992 Derek Pringle
28%
578 1996-2001 Alan Mullally
27%
462 1975-1976 David Steele
27%
586 1997 Mike Smith
27%
654 2012-2016 Nick Compton
27%
508 1984-1985 Jonathan Agnew
26%
502 1983-1993 Neil Foster
26%
592 1998-2002 Alex Tudor
25%
672 2016 Ben Duckett
25%
434 1966-1977 Dennis Amiss
25%
554 1992-2000 Ian Salisbury
25%
415 1963-1976 John Edrich
25%
680 2017- Mark Stoneman
25%
683 2018- Mason Crane
25%
532 1988-1994 Matthew Maynard
25%
577 1996-1999 Ronnie Irani
25%
511 1984-1989 Tim Robinson
25%
661 2014 Boyd Rankin
24%
567 1994-2002 Craig White
24%
685 2018- Dom Bess
24%
471 1976-1986 John Lever
24%
439 1968-1982 Keith Fletcher
24%
580 1996-1998 Mark Ealham
24%
491 1981-1985 Paul Allott
24%
560 1993-1999 Peter Such
24%
428 1965-1976 John Snow
23%
517 1986-1988 Bruce French
22%
497 1982-1991 Eddie Hemmings
22%
619 2003-2016 Gareth Batty
22%
444 1969-1975 Mike Denness
22%
632 2006-2009 Owais Shah
22%
627 2005-2006 Shaun Udal
22%
656 2013 Simon Kerrigan
22%
639 2008-2009 Tim Ambrose
22%
484 1980-1991 Wayne Larkins
22%
463 1975-1981 Bob Woolmer
21%
526 1987-1990 David Capel
21%
553 1992 Dermot Reeve
21%
609 2001-2002 James Foster
21%
459 1974-1981 Mike Hendrick
21%
633 2006-2007 Sajid Mahmood
21%
651 2012-2015 Samit Patel
21%
679 2017 Tom Westley
21%
482 1979 Alan Butcher
20%
503 1983-1986 Chris Smith
20%
523 1986-1988 Jack Richards
20%
676 2016-2017 Liam Dawson
20%
565 1993-2003 Martin Bicknell
20%
660 2014 Scott Borthwick
20%
678 2017- Toby Roland-Jones
20%
487 1980-1988 Bill Athey
19%
617 2003 Ed Smith
19%
562 1993 Mark Lathwell
19%
499 1982-1984 Vic Marks
19%
640 2008 Darren Pattinson
18%
585 1997-1999 Dean Headley
18%
469 1976-1984 Geoff Miller
18%
674 2016- Haseeb Hameed
18%
629 2006 Ian Blackwell
18%
671 2016- Jake Ball
18%
520 1986-1989 Martyn Moxon
18%
500 1982-1985 Norman Cowans
18%
489 1981 Roland Butcher
18%
606 2001 Usman Afzaal
18%
598 1999-2000 Chris Adams
17%
601 2000 Chris Schofield
17%
534 1988-1992 David Lawrence
17%
599 1999 Gavin Hamilton
17%
498 1982-1985 Graeme Fowler
17%
648 2010-2015 James Tredwell
17%
533 1988 Kim Barnett
17%
575 1995-1996 Mike Watkinson
17%
501 1983-1989 Nick Cook
17%
593 1998-1999 Warren Hegg
17%
505 1984 Andy Lloyd
16%
512 1985 Arnie Sidebottom
16%
596 1999-2000 Ed Giddins
16%
618 2003 Kabir Ali
16%
488 1981-1988 Paul Downton
16%
527 1988-1993 Paul Jarvis
16%
608 2001-2003 Richard Dawson
16%
615 2003 Richard Johnson
16%
589 1998 Steve James
16%
566 1994-1995 Steve Rhodes
16%
673 2016 Zafar Ansari
16%
381 1955-1975 Fred Titmus
15%
545 1990 John Morris
15%
556 1992 Neil Mallender
15%
492 1981 Paul Parker
15%
509 1984-1986 Richard Ellison
15%
516 1986 Wilf Slack
15%
614 2003 Anthony McGrath
14%
597 1999-2000 Darren Maddy
14%
436 1967-1975 Geoff Arnold
14%
552 1991 Hugh Morris
14%
616 2003 James Kirtley
14%
573 1995 Jason Gallian
14%
541 1989 John Stephenson
14%
561 1993-1995 Mark Ilot
14%
579 1996 Min Patel
14%
447 1970-1975 Peter Lever
14%
558 1993 Richard Blakey
14%
531 1988-1990 Rob Bailey
14%
490 1981-1982 Robin Jackman
14%
529 1988-1989 Tim Curtis
14%
594 1999 Aftab Habib
13%
576 1995 Alan Wells
13%
478 1978 Clive Radley
13%
570 1994 Joey Benjamin
13%
634 2006 Jon Lewis
13%
466 1976-1977 Mike Selvey
13%
535 1988-1991 Phil Newport
13%
620 2003 Rikki Clarke
13%
581 1996 Simon Brown
13%
550 1991-1993 Steve Watkin
13%
555 1992 Tim Munton
13%
642 2009 Amjad Khan
12%
476 1977-1981 Brian Rose
12%
496 1982 Ian Greig
12%
518 1986 Mark Benson
12%
621 2003-2004 Martin Saggers
12%
438 1968-1985 Pat Pocock
12%
571 1995-1997 Peter Martin
12%
650 2010 Ajmal Shahzad
11%
379 1954-1975 Colin Cowdery
11%
493 1982-1983 Geoff Cook
11%
607 2001 James Ormond
11%
528 1988 John Childs
11%
519 1986-1988 Neal Radford
11%
557 1993-1994 Paul Taylor
11%
457 1973-1978 Graham Roope
10%
524 1986 James Whitaker
10%
513 1985 Les Taylor
10%
546 1990 Neil Williams
10%
453 1972-1978 Barry Wood
9%
510 1984-1988 Chris Cowdery
9%
485 1980-1981 Graham Stevenson
9%
507 1984 Paul Terry
9%
467 1976 Chris Balderstone
8%
514 1986 David Smith
8%
458 1973-1976 Frank Hayes
7%
470 1976-1977 Graham Barlow
7%
515 1986 Greg Thomas
7%
442 1969-1975 John Hampshire
7%
563 1993-1994 Mark McCague
7%
522 1986-1995 Phillip DeFraitas
7%
504 1984 Tony Pigott
7%
443 1969-1976 Alan Ward
5%
540 1989-1994 Alex Igglesden
5%
475 1977-1978 Geoff Cope
5%
473 1977 Roger Tolchard
5%
464 1975-1987 Phil Edmons
1%
No matching quizzes found
Score Distribution
Percent of People with Each Score
Percentile by Number Answered
Your Score History
You have not taken this quiz